000 00349nam a2200145Ia 4500
008 230711s9999||||xx |||||||||||||| ||und||
041 _aENG
082 _a720
_bCH-G
100 _aCharli,A
245 0 _aGarment manufacturing technology
250 _a1st Ed.
260 _c2001
_aNew Delhi
_bN Cute,IIT
650 _aTextile Engineering
942 _cBK
999 _c3966
_d3966